00360nam a2200121Ia 4500008004100000082001700041100001300058245004300071260003200114365000600146630004300152730004300195100415s9999 xx 000 0 und d b11133a581.5 aEyre SR aVegetation and Soils : A World Picture aLONDONc1968bEDWARD ARNOLD b0 aVegetation and Soils : A World Picture aVegetation and Soils : A World Picture